000 00447nam a22001457a 4500
999 _c7840
_d7841
008 190411b ||||| |||| 00| 0 eng d
020 _a9788184826456
082 _a305.23 R19i 2011
100 _aRangachari, Devika.
245 _aI can :
_bstories of how children are changing their world
260 _aMumbai ,
_bAmar Chitra Kaha Pvt Ltd ;
_c2011.
300 _aviii, 128 pages :
_c19 cm.
650 _aCross- cultural studies.
942 _2ddc